书目信息 |
| 题名: |
数学学习论
|
|
| 作者: | 马忠林 著 | |
| 分册: | ||
| 出版信息: | 南宁 广西教育出版社 1996 |
|
| 页数: | 211页 | |
| 开本: | 20cm | |
| 丛书名: | 学科现代教育理论书系 | |
| 单 册: | ||
| 中图分类: | O1- 0 | |
| 科图分类: | ||
| 主题词: | 数学 | |
| 电子资源: | ||
| ISBN: | 7-5435-2527-5 | |
| 000 | 00577nam0 2200205 450 | |
| 001 | 0732828906 | |
| 005 | 20070903090708.90 | |
| 010 | @a7-5435-2527-5@d¥13.50 | |
| 100 | @a20070903d km y0chiy0120 ea | |
| 101 | 0 | @achi |
| 200 | 1 | @a数学学习论@Ashu xue xue xi lun@f马忠林著@Fma zhong lin zhu |
| 210 | @a南宁@c广西教育出版社@d1996 | |
| 215 | @a211页@d20cm | |
| 225 | 2 | @a学科现代教育理论书系 |
| 410 | 0 | @12001 @a学科现代教育理论书系 |
| 606 | 0 | @a数学 |
| 690 | @aO1- 0@v3 | |
| 701 | 0 | @a马忠林@Ama zhong lin@4著 |
| 801 | 0 | @aCN@bPFT@c20070903 |
| 905 | @a213230@dO1- 0@eS79@f1 | |
| 数学学习论/马忠林著.-南宁:广西教育出版社,1996 |
| 211页;20cm.-(学科现代教育理论书系) |
| ISBN 7-5435-2527-5:¥13.50 |
| ● |
| 相关链接 |
|
|
|
|
正题名:数学学习论
索取号:O1- 0/S79
 
预约/预借
| 序号 | 登录号 | 条形码 | 馆藏地/架位号 | 状态 | 备注 |
| 1 | 6700119 | 267001193 | 密集书库-数信学院/ [索取号:O1- 0/S79] | 在馆 |